1963 1527 1631 1457 1427 1374 1317 1115 1655 1568 1761 1202 1315 1597 1466 1998 1860 1875 1596 1516 1893 1032 1121 1992 1044 1744 1403 1995 1275 1888 1162 1169 1410 1513 1375 1029 1920 1479 1211 1817 1030 1060 1508 1152 1648 1523 1925 1833 1737 1341 1376 1380 1434 1335 1329 1901 1714 1794 1016 1003 1986 1474 1219 1244 1654 1068 1957 1324 1307 1034 1813 1997 1897 1747 1737 1577 1277 1631 1358 1453 1461 1041 1970 1808 1026 1913 1777 1364 1700 1586 1861 1157 1214 1635 1664 1584 1609 1542 1992 BCNSPRNW ULIB Ver.6.0+V

เปลี่ยนเป็นภาษาไทย

Change to English
 แสดงรายละเอียดบรรณานุกรม
  กลับหน้าหลัก

Brief Record : Get Marc (ISO 2709) : E-mail record : QR code < ปิดหน้าต่าง
LEADER : 00000nam 2200000uu 4500
001    13399127395
003     ULIB
008    200519s2018||||th 000 0 tha d
020    ^a9781506258812
020    ^a9781506258829&^8225;c1,570 (set)
050 04 ^aPE1128^bL633B
100 1  ^aLougheed, Lin
245 10 ^aBarron s TOEIC practice exams /^cLin Lougheed
246 30 ^aTOEIC practice exams
250    ^a4th ed.
260    ^aNew York :^bBarron s,^c2018
300    ^aiii, 455 p. :^bill ;^c28 cm.
490 0  ^aBarron s the leader in test preparation
490 0  ^aTOEIC superpack
650  0 ^aTest of English for international communication^xStudy guides
650  0 ^aEnglish language^xExaminations^xStudy guides.
650  0 ^aEnglish language^xExaminations, questions, etc.
650  0 ^aEnglish language^xTextbooks for foreign speakers.
945    ^p444^l0^i007066
999    ^aประนอม เกษจรัล
รายการนี้ยังไม่มีแท็ก
คุณยังไม่ได้ล็อกอิน คุณสามารถมีกิจกรรมร่วมกับเว็บไซต์ได้ แต่ต้องล็อกอินก่อน ::
  ล็อกอิน

รายการสื่อสารสนเทศ

ลำดับที่ ประเภท เลขเรียก/บาร์โค้ด สถานที่ สถานะ
1. การศึกษาทั่วไป
หนังสือสำรอง
สถานะ=หนังสือสำรอง
PE1128 L633B ฉ.1 
  Barcode: 007066
ห้องสมุดวิทยาเขตสวรรค์ประชารักษ์
►หนังสือทั่วไป
บนชั้น

รายการใกล้เคียง
    ผู้แต่ง [Lougheed, Lin]

BibComment


ยังไม่เคยถูกคอมเมนท์

คอมเมนท์ทรัพยากรรายการนี้
  คอมเมนท์: Barron s TOEIC p..


 Copyright 2026. Bcnsprnw @Library